000 00803nam a2200205 a 4500
001 BRCA_5701
005 20190320205203.0
008 020311m19291935u--#######---#100-0#eng-#
041 _aeng
044 _au
050 4 _aHF5001
_b.R78
_c1929
245 1 0 _aProccedings 20th Annual Convention of Dallas 1929.
_cRotary international.
300 _a5 v.
_c23 cm.
500 _aContiene: v.1. Proccedings 20th Annual Convention of Dallas 1929. v.2.Proccedings 22th Annual Convention of Viena 1931. v.3. Proccedings 23th Annual Convention of Seattle 1932 v.4. Proccedings 24th Annual Convention of Boston Mass. 1933. v.5. Proccedings 26th Annual Convention of Mexico City.
500 _aH24
650 1 4 _aAsociaciones
_914481
710 2 _aRotary international.
_914482
902 _aGFM
942 _2lcc
_cB
999 _c5394
_d5394